书目信息 |
| 题名: |
市场营销管理
|
|
| 作者: | 吴晓云 主编 | |
| 分册: | ||
| 出版信息: | 天津 天津大学出版社 2001 |
|
| 页数: | 503页 | |
| 开本: | 21cm | |
| 丛书名: | ||
| 单 册: | ||
| 中图分类: | F713.50 , F713.5 | |
| 科图分类: | ||
| 主题词: | 市场营销学 | |
| 电子资源: | ||
| ISBN: | 7-5618-1395-3 | |
| 000 | 00753nam0 2200229 450 | |
| 001 | 1534588568 | |
| 005 | 20150125093646.34 | |
| 010 | @a7-5618-1395-3@dCNY24.00 | |
| 100 | @a20010517d2001 em y0chiy0110 ea | |
| 101 | 0 | @achi |
| 102 | @aCN@b120000 | |
| 105 | @ay z 000yy | |
| 200 | 1 | @a市场营销管理@9shi chang ying xiao guan li@f吴晓云主编 |
| 210 | @a天津@c天津大学出版社@d2001 | |
| 215 | @a503页@d21cm | |
| 330 | @a全书共20章,分为5部分,即市场营销管理总论、营销环境与顾客购买行为研究,市场营销组合研究,市场营销的计划、组织与控制,现代市场营销理论与实践前沿问题研究。 | |
| 606 | 0 | @a市场营销学 |
| 690 | @aF713.50@v5 | |
| 690 | @aF713.5@v4 | |
| 701 | 0 | @a吴晓云@9wu xiao yun@4主编 |
| 801 | 0 | @aCN@bTSSF@c20150125 |
| 905 | @aZUCC@dF713.5@eJY120 | |
| 市场营销管理/吴晓云主编.-天津:天津大学出版社,2001 |
| 503页;21cm |
| ISBN 7-5618-1395-3:CNY24.00 |
| 全书共20章,分为5部分,即市场营销管理总论、营销环境与顾客购买行为研究,市场营销组合研究,市场营销的计划、组织与控制,现代市场营销理论与实践前沿问题研究。 |
| ● |
| 相关链接 |
|
|
|
|
正题名:市场营销管理
索取号:F713.5/JY120
 
预约/预借
| 序号 | 登录号 | 条形码 | 馆藏地/架位号 | 状态 | 备注 |
| 1 | 7857020 | 278570208 | 学院路分馆/ [索取号:F713.5/JY120] | 在馆 |